<?xml version="1.0" encoding="UTF-8"?>
<record
    xmlns:xsi="http://www.w3.org/2001/XMLSchema-instance"
    xsi:schemaLocation="http://www.loc.gov/MARC21/slim http://www.loc.gov/standards/marcxml/schema/MARC21slim.xsd"
    xmlns="http://www.loc.gov/MARC21/slim">

  <leader>00712nam a2200157   4500</leader>
  <controlfield tag="008">708 R864g</controlfield>
  <datafield tag="020" ind1=" " ind2=" ">
    <subfield code="a">2940292027</subfield>
  </datafield>
  <datafield tag="082" ind1=" " ind2=" ">
    <subfield code="a">708</subfield>
    <subfield code="b">R864g</subfield>
  </datafield>
  <datafield tag="100" ind1=" " ind2=" ">
    <subfield code="a">Rousse, Georges</subfield>
    <subfield code="9">6425</subfield>
  </datafield>
  <datafield tag="245" ind1=" " ind2=" ">
    <subfield code="a">Georges Rousse:</subfield>
    <subfield code="b">1981-2000</subfield>
  </datafield>
  <datafield tag="260" ind1=" " ind2=" ">
    <subfield code="a">Gen&#xE9;ve</subfield>
    <subfield code="b">Bartschi-Salomon Editions</subfield>
    <subfield code="c">2000</subfield>
  </datafield>
  <datafield tag="300" ind1=" " ind2=" ">
    <subfield code="a">320 p.</subfield>
    <subfield code="b">ill (col)</subfield>
    <subfield code="c">30.5 x 25 cm</subfield>
  </datafield>
  <datafield tag="505" ind1=" " ind2=" ">
    <subfield code="t">Texto de R&#xE9;gis Durand</subfield>
    <subfield code="t">Correspondencia con Jocelyne Lupien</subfield>
    <subfield code="t">1980-1982</subfield>
    <subfield code="t">1983</subfield>
    <subfield code="t">1984</subfield>
    <subfield code="t">1985-1986</subfield>
    <subfield code="t">1987</subfield>
    <subfield code="t">1988-1989</subfield>
    <subfield code="t">1990</subfield>
    <subfield code="t">1991-1992</subfield>
    <subfield code="t">1993-1994</subfield>
    <subfield code="t">1995</subfield>
    <subfield code="t">1996</subfield>
    <subfield code="t">1997-1998</subfield>
    <subfield code="t">1999-2000</subfield>
    <subfield code="t">Texto de Patrick Roegiers</subfield>
    <subfield code="t">Cronolog&#xED;a</subfield>
  </datafield>
  <datafield tag="650" ind1=" " ind2=" ">
    <subfield code="x">arte contempor&#xE1;neo</subfield>
    <subfield code="x">arte - exhibiciones</subfield>
    <subfield code="x">arte - instalaciones</subfield>
    <subfield code="x">Francia</subfield>
    <subfield code="9">6426</subfield>
  </datafield>
  <datafield tag="700" ind1=" " ind2=" ">
    <subfield code="a">Durand, R&#xE9;gis; Lupien, Jocelyne; Roegiers, Patrick</subfield>
    <subfield code="9">6427</subfield>
  </datafield>
  <datafield tag="999" ind1=" " ind2=" ">
    <subfield code="c">1510</subfield>
    <subfield code="d">1510</subfield>
  </datafield>
  <datafield tag="952" ind1=" " ind2=" ">
    <subfield code="0">0</subfield>
    <subfield code="1">0</subfield>
    <subfield code="2">ddc</subfield>
    <subfield code="4">0</subfield>
    <subfield code="7">0</subfield>
    <subfield code="a">LV</subfield>
    <subfield code="b">LV</subfield>
    <subfield code="c">Monograf&#xED;as</subfield>
    <subfield code="d">2018-06-28</subfield>
    <subfield code="l">0</subfield>
    <subfield code="o">708 R864g</subfield>
    <subfield code="p">001016</subfield>
    <subfield code="r">2018-06-28 00:00:00</subfield>
    <subfield code="w">2018-06-28</subfield>
    <subfield code="y">01</subfield>
  </datafield>
</record>
